Angličtina : 101 frázových sloves za jeden den = Angličtina : 101 frázových slovies za jeden deň /

Hlavní autor: Ryder, Rory
Jazyk: Slovenština
Angličtina
Čeština
Vydáno: Praha : Fragment, 2007
Vydání: 1. vyd.
Edice: 101 sloves za 1 den
Témata:
Fyzický popis: [11], 101 s. : barev. il. ; 16 cm
Language note: Část. souběžný slovenský text
Knihy
Uloženo v:
LEADER 01934nam a2200529 a 4500
001 nkc20071747509
003 CZ PrNK
005 20120919110104.0
007 ta
008 070814s2007 xr a g p 001 0 eng
015 |a cnb001747509 
020 |a 978-80-253-0508-9  |q (Fragment, Praha :  |q brož.) 
020 |a 978-80-8089-139-8  |q (Fragment, Bratislava :  |q brož.) 
035 |a (OCoLC)190752511 
040 |a BOA001  |b cze 
041 1 |a eng  |a cze  |a slo  |h und 
072 7 |a 811.111  |x Angličtina  |2 Konspekt  |9 11 
072 7 |a 37.016  |x Učební osnovy. Vyučovací předměty. Učebnice  |2 Konspekt  |9 22 
080 |a 811.111  |2 MRF 
080 |a 81'367.4  |2 MRF 
080 |a (075)  |2 MRF 
100 1 |a Ryder, Rory  |7 kv2007386850  |4 aut  |4 ill 
245 1 0 |a Angličtina :  |b 101 frázových sloves za jeden den = Angličtina : 101 frázových slovies za jeden deň /  |c Rory Ryder 
246 3 |a Sto jedna frázových sloves za jeden den - Angličtina 
246 3 |a Sto jedna frázových slovies za jeden deň - Angličtina 
246 3 |a Angličtina - 101 frázových sloves za jeden den 
246 3 |a Angličtina - 101 frázových slovies za jeden deň 
246 3 1 |a Angličtina 
250 |a 1. vyd. 
260 |a Praha :  |b Fragment,  |c 2007 
300 |a [11], 101 s. :  |b barev. il. ;  |c 16 cm 
490 1 |a 101 sloves za 1 den 
500 |a Část. přeloženo 
500 |a Obsahuje rejstřík 
546 |a Část. souběžný slovenský text 
650 0 7 |a angličtina  |7 ph114056  |2 czenas 
650 0 7 |a slovesné fráze  |7 ph164931  |2 czenas 
650 0 9 |a English language  |2 eczenas 
650 0 9 |a verb phrases  |2 eczenas 
655 7 |a učebnice  |7 fd133770  |2 czenas 
655 9 |a textbooks  |2 eczenas 
830 0 |a 101 sloves za 1 den  |0 s 
910 2 |a BOA001  |b 1-1193.568 
990 |a BK 
995 |a 01 
991 |b 200711  |c NOV 
996 6 |b 2610323531  |c 1-1193.568  |l MZK  |r Sklad / do 1 hodiny  |n 2  |p p.v.  |w 000871867  |u 000010  |a 1  |e BOA001  |j MZK50  |s P